000 00733nam a2200253Ia 4500
003 OSt
005 20220924114550.0
006 a|||||r|||| 00| 0
007 ta
008 220923b |||||||| |||| 00| 0 ara d
024 _a343042
037 _cTextual
040 _aARTS
_cARTS
_bara
041 _2ara
_aara
082 _aQ7:26, M2
100 _aFirozabadi Sayyed Murtaza al-Hussaini Au.
_9174288
245 0 _aFazail al-khamsa
_b min al-sahhah al-sittah
260 _aBeirut
_bMosasta-al-ilmi Lebanon
_c1982
300 _a463p.
_ccm.
650 _a PROPHETS
_94238
650 _aISLAM
_9577
942 _hQ7:26, M2
_cTEXL
_2CC
999 _c394235
_d394235